Géométrie descriptive. T.1 T.1

Tallennettuna:
Bibliografiset tiedot
Päätekijä: Voilquin, M
Aineistotyyppi: Kirja
Julkaistu: Classiques 1976
Tagit: Lisää tagi
Ei tageja, Lisää ensimmäinen tagi!
Thư viện lưu trữ: Mạng thư viện Đại học Đà Nẵng
LEADER 00534nam a2200229 a 4500
001 000030235
003 3433
005 20171030145630.0
008 171030s1976
040 |a LTT 
082 0 |a 516  |b VO-M 
100 1 |a Voilquin, M 
245 0 0 |a Géométrie descriptive. T.1  |c M. Voilquin.  |n T.1 
260 |b Classiques  |c 1976 
500 |a SABRES 
OWN |a LTT 
999 |a From the UDN01 
TYP |a Monograph 
TYP |a Printed language 
980 |a Mạng thư viện Đại học Đà Nẵng